| 000 | 01166nam a2200265Ia 4500 | ||
|---|---|---|---|
| 003 | OSt | ||
| 005 | 20221005103145.0 | ||
| 006 | a|||||r|||| 00| 0 | ||
| 007 | ta | ||
| 008 | 221004b |||||||| |||| 00| 0 hin d | ||
| 020 |
_a8190299514 (pbk) _c200 |
||
| 024 | _a102911 | ||
| 037 |
_b462, 12/02/2010, Eastern Book Linkers _cTextual |
||
| 040 |
_aCRL _cCRL _bhin |
||
| 041 |
_2hin _ahin |
||
| 082 | _aR693xDSA, 152P7 | ||
| 100 | _aजैन, नेमिचन्द्र | ||
| 245 | 0 | _aभारतीय दर्शन के महागुरू आचार्य समन्तभद्र | |
| 246 | _aBhāratīya darshan ke mahāgurū āchārya samantabhadra | ||
| 260 |
_aउत्तर _bप्रदेश सर्वोदय फाउण्डेशन भारत _c2007 |
||
| 300 |
_a309पृ0 _ccm. |
||
| 700 |
_a जैन, नरेन्द्र कुमार, संपा. _9623640 |
||
| 942 |
_hR693xDSA, 152P7 _cTEXL _2cc |
||
| 999 |
_c1009521 _d1009521 |
||